Joueurs sélectionnés en Équipe de France en mars 2026 - Statistiques

Statistiques générales
  • Ce quiz a été pris 45 fois
  • Le résultat moyen est 21 sur 26
Statistiques - réponses
Poste Club Joueur % Correct
G AC Milan Mike Maignan
97%
ATT Real Madrid Kylian Mbappé
90%
G Paris Saint-Germain Lucas Chevalier
90%
DEF Paris Saint-Germain Lucas Hernandez
90%
DEF Al-Hilal Théo Hernandez
90%
MIL Real Madrid Aurélien Tchouaméni
87%
ATT Paris Saint-Germain Désiré Doué
87%
ATT Paris Saint-Germain Ousmane Dembélé
87%
G Stade Rennais Brice Samba
83%
DEF Bayern Munich Dayot Upamecano
83%
ATT Inter Milan Marcus Thuram
83%
ATT Bayern Munich Michael Olise
83%
MIL Fenerbahçe N'Golo Kanté
83%
ATT Manchester City Rayan Cherki
83%
ATT Liverpool Hugo Ekitike
80%
DEF Liverpool Ibrahima Konaté
80%
MIL Real Madrid Eduardo Camavinga
77%
ATT AS Monaco Maghnes Akliouche
77%
DEF Chelsea Malo Gusto
73%
MIL Paris Saint-Germain Warren Zaïre-Emery
73%
MIL AC Milan Adrien Rabiot
70%
SEL - Didier Deschamps
70%
ATT Tottenham Randal Kolo Muani
70%
DEF Aston Villa Lucas Digne
67%
DEF Crystal Palace Maxence Lacroix
67%
DEF Juventus Pierre Kalulu
50%
Aucun quiz correspondant
Distribution des résultats
% des personnes avec chaque résultat
Percentile par nombre de réponses
Votre historique - résultats
Vous n’avez pas pris ce quiz